[Event "Druzynowe Mistrzostwa Polski Niewidomyc"]
[Site "Wagrowiec"]
[Date "2016.??.??"]
[Round "4.8"]
[White "Zelajtys, Jozef"]
[Black "Mackowiak, Marek"]
[Result "0-1"]
[WhiteElo "1706"]
[BlackElo "2165"]
[PlyCount "106"]
[EventDate "2016.??.??"]

1. e4 c6 2. d4 d5 3. Nc3 dxe4 4. Nxe4 Bf5 5. Ng3 Bg6 6. Nf3 Nd7 7. Bc4 e6 8.
O-O Bd6 9. Re1 Ne7 10. c3 O-O 11. Nh4 Qc7 12. Bg5 Nb6 13. Bb3 Rfe8 14. Qf3 a5
15. a4 Nd7 16. Bxe7 Rxe7 17. Nxg6 hxg6 18. c4 Nf6 19. h3 Bxg3 20. fxg3 Rd7 21.
Rad1 Rad8 22. Qe3 Qb6 23. c5 Qb4 24. Qc3 Rxd4 25. Qxb4 axb4 26. Rxd4 Rxd4 27.
Kf2 Rd2+ 28. Re2 Rxe2+ 29. Kxe2 Nd7 30. Kd3 Nxc5+ 31. Kc4 Na6 32. Kd4 Kf8 33.
Bc4 c5+ 34. Ke5 Ke7 35. g4 f6+ 36. Ke4 Kd6 37. h4 Nc7 38. a5 Nd5 39. Bb5 Ne7
40. h5 g5 41. g3 Nc6 42. a6 bxa6 43. Bxa6 Ne5 44. Be2 Nf7 45. b3 Ne5 46. Bd1
Nc6 47. Kd3 f5 48. gxf5 exf5 49. Ke3 Ke5 50. Be2 Nd4 51. Bc4 f4+ 52. Kf2 Nf5
53. g4 Ne3 0-1

[Event "Druzynowe Mistrzostwa Polski Niewidomyc"]
[Site "Wagrowiec"]
[Date "2016.??.??"]
[Round "4.9"]
[White "Niecko, Stanislaw"]
[Black "Dziobek, Jerzy"]
[Result "1-0"]
[WhiteElo "1843"]
[BlackElo "1750"]
[PlyCount "93"]
[EventDate "2016.??.??"]

1. c4 d5 2. cxd5 Qxd5 3. Nc3 Qd8 4. d4 e6 5. e4 c6 6. Nf3 Nf6 7. Bd3 Nbd7 8.
O-O Be7 9. Qc2 h6 10. Be3 Nb6 11. Rfd1 Bd7 12. a4 a5 13. Qb3 Bb4 14. h3 Qe7 15.
Rac1 Rc8 16. Ne5 O-O 17. Na2 c5 18. Nxd7 Nbxd7 19. Nxb4 cxb4 20. f3 b6 21. Bb5
Nh5 22. Rc4 g5 23. Rdc1 Rxc4 24. Qxc4 Ndf6 25. Qc7 Qxc7 26. Rxc7 Rb8 27. Bc6
Kf8 28. Kf2 Ne8 29. Bxe8 Kxe8 30. Ke2 Nf6 31. Kd3 Ng8 32. g3 Ne7 33. f4 f6 34.
fxg5 hxg5 35. h4 gxh4 36. gxh4 f5 37. exf5 Nxf5 38. Rh7 Rd8 39. Rh8+ Kd7 40.
Rxd8+ Kxd8 41. Ke4 Nxh4 42. Bg5+ Kd7 43. Bxh4 b5 44. axb5 a4 45. Kd3 Kc7 46.
Kc4 b3 47. Kb4 1-0

[Event "Druzynowe Mistrzostwa Polski Niewidomyc"]
[Site "Wagrowiec"]
[Date "2016.??.??"]
[Round "4.10"]
[White "Kulik, Roman"]
[Black "Stolarczyk, Anna"]
[Result "0-1"]
[WhiteElo "1743"]
[BlackElo "1990"]
[PlyCount "58"]
[EventDate "2016.??.??"]

1. c4 c6 2. Nc3 d5 3. cxd5 cxd5 4. d4 Nf6 5. Nf3 Nc6 6. e3 Bf5 7. Bd3 Ne4 8.
Bxe4 Bxe4 9. Nxe4 dxe4 10. Nd2 Qd5 11. O-O e6 12. a3 f5 13. b4 g6 14. Bb2 Bg7
15. Rc1 O-O 16. Rc5 Qd7 17. Qc2 Rac8 18. Rc1 a6 19. Nb3 Rfe8 20. Qb1 b6 21.
R5c2 e5 22. dxe5 Nxe5 23. Rxc8 Rxc8 24. Rxc8+ Qxc8 25. Nd4 Qc4 26. Qc1 b5 27.
Qxc4+ Nxc4 28. Bc1 Bxd4 29. exd4 Kf7 0-1

[Event "Druzynowe Mistrzostwa Polski Niewidomyc"]
[Site "Wagrowiec"]
[Date "2016.??.??"]
[Round "4.11"]
[White "Spychala, Jozefa"]
[Black "Perszewska, Krystyna"]
[Result "1/2-1/2"]
[WhiteElo "1471"]
[BlackElo "1551"]
[PlyCount "70"]
[EventDate "2016.??.??"]

1. d4 d5 2. Nf3 e6 3. c4 Nf6 4. Nc3 Be7 5. Bg5 Nbd7 6. e3 c6 7. Bd3 O-O 8. O-O
dxc4 9. Bxc4 a6 10. Qc2 h6 11. Bh4 Nb6 12. Bd3 Nbd5 13. Rac1 Nb4 14. Qe2 Nxd3
15. Qxd3 b5 16. a3 Bb7 17. Bxf6 Bxf6 18. Ne4 Be7 19. b4 a5 20. Nc5 Bxc5 21.
Rxc5 axb4 22. axb4 Ra4 23. Qb1 Qd6 24. Nd2 Rfa8 25. Nb3 Rxb4 26. Qc2 Rba4 27.
Rc1 b4 28. Nd2 Ra2 29. Qd1 Qd7 30. Nc4 R2a6 31. Ne5 Qc7 32. Qc2 Rb6 33. Qb1 b3
34. Nc4 Rb4 35. Rc3 Qd8 1/2-1/2

[Event "Druzynowe Mistrzostwa Polski Niewidomyc"]
[Site "Wagrowiec"]
[Date "2016.??.??"]
[Round "4.12"]
[White "Barnowski, Sylwester"]
[Black "Hagner, Pawel"]
[Result "1/2-1/2"]
[WhiteElo "1871"]
[BlackElo "1680"]
[PlyCount "89"]
[EventDate "2016.??.??"]

1. d4 Nf6 2. c4 g6 3. Nc3 Bg7 4. e4 d6 5. Bd3 O-O 6. Nge2 Nc6 7. d5 Ne5 8. O-O
Nfd7 9. f4 Nxd3 10. Qxd3 Nc5 11. Qc2 a5 12. Ng3 f5 13. exf5 Bxf5 14. Nxf5 gxf5
15. Be3 Nd7 16. Rf3 c5 17. Rg3 Kh8 18. Re1 Qe8 19. Nb5 Qc8 20. Bd2 Rf7 21. Bc3
Nf6 22. Re6 Ne8 23. Bxg7+ Nxg7 24. Qc3 Qd7 25. h4 Raf8 26. Na3 b6 27. Nc2 Rf6
28. Rxf6 Rxf6 29. Re3 Kg8 30. a3 Rg6 31. Kf2 Nh5 32. g3 Nf6 33. Qb3 Ng4+ 34.
Kf3 Nxe3 35. Nxe3 e5 36. Qxb6 Qg7 37. Nxf5 Qf8 38. h5 Rf6 39. g4 exf4 40. Qc7
a4 41. Qc6 Rxf5 42. gxf5 Qxf5 43. Qe8+ Kg7 44. Qe7+ Kg8 45. Qe8+ 1/2-1/2

[Event "Druzynowe Mistrzostwa Polski Niewidomyc"]
[Site "Wagrowiec"]
[Date "2016.??.??"]
[Round "4.13"]
[White "Stankiewicz, Edward"]
[Black "Traczyk, Tadeusz"]
[Result "1-0"]
[WhiteElo "1825"]
[BlackElo "1857"]
[PlyCount "73"]
[EventDate "2016.??.??"]

1. e4 c5 2. Nf3 Nc6 3. d4 cxd4 4. Nxd4 Nf6 5. Nc3 e6 6. Be3 Bb4 7. f3 d5 8.
Nxc6 bxc6 9. e5 Nd7 10. f4 O-O 11. a3 Bxc3+ 12. bxc3 Qa5 13. Qd2 Nb6 14. Bd3 c5
15. O-O c4 16. Be2 Na4 17. Bd4 Ba6 18. Bg4 Nc5 19. f5 exf5 20. Bxf5 Ne6 21. Rf3
Nxd4 22. Qxd4 Qb6 23. e6 Bc8 24. exf7+ Rxf7 25. Bxh7+ Kxh7 26. Rxf7 Qxd4+ 27.
cxd4 Be6 28. Re7 Bf5 29. c3 Rb8 30. Rxa7 Rb2 31. Re7 Be4 32. Rxe4 dxe4 33. a4
e3 34. a5 e2 35. Kf2 Rd2 36. Ke1 Rc2 37. a6 1-0

[Event "Druzynowe Mistrzostwa Polski Niewidomyc"]
[Site "Wagrowiec"]
[Date "2016.??.??"]
[Round "4.14"]
[White "Filipiak, Rajmund"]
[Black "Wolanski, Michal"]
[Result "0-1"]
[WhiteElo "1561"]
[BlackElo "1954"]
[PlyCount "84"]
[EventDate "2016.??.??"]

1. d4 Nf6 2. Bf4 g6 3. Nf3 Bg7 4. e3 d6 5. Bd3 O-O 6. Nbd2 Re8 7. O-O Nbd7 8.
e4 c5 9. c3 cxd4 10. cxd4 e5 11. dxe5 Nxe5 12. Bxe5 dxe5 13. Bc4 Be6 14. Qe2
Rc8 15. b3 Nd7 16. Rad1 Qc7 17. Ng5 Nc5 18. Nxe6 Nxe6 19. Bxe6 Rxe6 20. Nc4 Bh6
21. Rd3 b5 22. Ne3 Bxe3 23. Qxe3 Rc6 24. g3 Rc2 25. a3 Qc5 26. Qxc5 R8xc5 27.
Rfd1 Ra2 28. Rd5 Rcc2 29. Rf1 Rxa3 30. Rxb5 f6 31. Rd1 Kg7 32. h4 Kh6 33. Rb7
Raa2 34. Rdd7 Kh5 35. Rxh7+ Kg4 36. Rxa7 Rab2 37. Ra1 Rxf2 38. h5 g5 39. Rha7
Kf3 40. h6 Rg2+ 41. Kf1 Rbf2+ 42. Ke1 Rg1# 0-1

[Event "Druzynowe Mistrzostwa Polski Niewidomyc"]
[Site "Wagrowiec"]
[Date "2016.??.??"]
[Round "4.15"]
[White "Sargalski, Andrzej"]
[Black "Pawelec, Bartosz"]
[Result "1/2-1/2"]
[WhiteElo "1831"]
[BlackElo "2092"]
[PlyCount "60"]
[EventDate "2016.??.??"]

1. e4 e5 2. Nf3 Nc6 3. Bc4 Nf6 4. Ng5 d5 5. exd5 Na5 6. Bb5+ c6 7. dxc6 bxc6 8.
Qf3 Rb8 9. Bxc6+ Nxc6 10. Qxc6+ Nd7 11. d3 Bc5 12. Qd5 O-O 13. O-O h6 14. Ne4
Bb7 15. Qc4 Bd4 16. Nbc3 Qe7 17. Nd5 Qe6 18. Ne3 Qg6 19. c3 Nb6 20. Qb3 Bxe3
21. fxe3 Rfd8 22. Qc2 f5 23. Ng3 Ba6 24. c4 e4 25. dxe4 Bxc4 26. exf5 Qg4 27.
Re1 Bd3 28. Qf2 Nd5 29. b3 Rbc8 30. Ba3 Rc2 1/2-1/2

[Event "Druzynowe Mistrzostwa Polski Niewidomyc"]
[Site "Wagrowiec"]
[Date "2016.??.??"]
[Round "4.16"]
[White "Kowalczyk, Marian"]
[Black "Przewoznik, Emil"]
[Result "1-0"]
[WhiteElo "1965"]
[BlackElo "1808"]
[PlyCount "90"]
[EventDate "2016.??.??"]

1. e4 c5 2. Nf3 e6 3. d4 cxd4 4. Nxd4 Nf6 5. Nc3 Bb4 6. e5 Nd5 7. Bd2 Nxc3 8.
bxc3 Ba5 9. Bd3 Nc6 10. Nxc6 dxc6 11. Qg4 g6 12. O-O Qd5 13. Rfe1 Bb6 14. Re2
Bd7 15. Bg5 Bd8 16. c4 Qc5 17. Be3 Qe7 18. Rb1 b6 19. g3 Rc8 20. Bh6 Rg8 21. h4
Qa3 22. Ree1 Qc3 23. h5 c5 24. hxg6 hxg6 25. Re3 Qd4 26. Re4 f5 27. Rxd4 fxg4
28. Rxg4 Kf7 29. Bg5 Bc6 30. Rf4+ Ke8 31. Bxd8 Rxd8 32. f3 Rd7 33. Rf6 Ke7 34.
Kg2 g5 35. g4 Rd4 36. Kg3 Be8 37. Rh1 Rg7 38. Rhh6 Bf7 39. Rh8 b5 40. Ra8 bxc4
41. Rxa7+ Ke8 42. Be4 Rd8 43. Rxe6+ Kf8 44. Rh6 Kg8 45. e6 Be8 1-0

[Event "Druzynowe Mistrzostwa Polski Niewidomyc"]
[Site "Wagrowiec"]
[Date "2016.??.??"]
[Round "4.17"]
[White "Wyrzykowski, Jozef"]
[Black "Wojcieszyn, Zdzislaw"]
[Result "0-1"]
[WhiteElo "1655"]
[BlackElo "1914"]
[PlyCount "74"]
[EventDate "2016.??.??"]

1. c4 c6 2. Nc3 Nf6 3. Nf3 d5 4. cxd5 cxd5 5. d4 Nc6 6. e3 Bf5 7. Bd2 a6 8. a3
e6 9. Be2 Qb6 10. Na4 Qc7 11. Rc1 Nd7 12. b4 b5 13. Nb2 Nb6 14. Ne5 Nc4 15.
Nexc4 bxc4 16. Na4 Bd6 17. g3 O-O 18. O-O Rfb8 19. Nc5 a5 20. bxa5 Nxa5 21. Bb4
Bxc5 22. dxc5 Nb3 23. Rc3 Nxc5 24. Qc1 Na6 25. Bxc4 dxc4 26. Rxc4 Qb7 27. Rd1
Bh3 28. e4 Rc8 29. Rdd4 Nxb4 30. axb4 e5 31. Rxc8+ Qxc8 32. Qxc8+ Rxc8 33. Rd1
f6 34. f3 Rc2 35. Rd8+ Kf7 36. b5 Rg2+ 37. Kh1 Rb2 0-1

[Event "Druzynowe Mistrzostwa Polski Niewidomyc"]
[Site "Wagrowiec"]
[Date "2016.??.??"]
[Round "5.1"]
[White "Pawelec, Bartosz"]
[Black "Walczak, Lucjan"]
[Result "0-1"]
[WhiteElo "2092"]
[BlackElo "1842"]
[PlyCount "48"]
[EventDate "2016.??.??"]

1. e4 c5 2. c3 d5 3. exd5 Qxd5 4. d4 Nc6 5. dxc5 Qxd1+ 6. Kxd1 a5 7. Bb5 Bg4+
8. Nf3 O-O-O+ 9. Ke2 e5 10. Nbd2 f5 11. Ke1 Bxc5 12. Bxc6 bxc6 13. Nxe5 Nh6 14.
Ndf3 Rhe8 15. Bf4 Bxf3 16. gxf3 Nf7 17. Kf1 Nxe5 18. Bg5 Be7 19. Be3 Nxf3 20.
Kg2 Nh4+ 21. Kh3 Rd3 22. Rad1 Red8 23. Rxd3 Rxd3 24. Kg3 g5 0-1

[Event "Druzynowe Mistrzostwa Polski Niewidomyc"]
[Site "Wagrowiec"]
[Date "2016.??.??"]
[Round "5.2"]
[White "Krynicki, Henryk"]
[Black "Kowalczyk, Marian"]
[Result "0-1"]
[WhiteElo "1749"]
[BlackElo "1965"]
[PlyCount "74"]
[EventDate "2016.??.??"]

1. e4 e5 2. Bc4 Nf6 3. Qe2 Nc6 4. c3 d6 5. h3 Be7 6. Nf3 O-O 7. O-O Na5 8. Bb5
a6 9. Ba4 b5 10. Bc2 Bb7 11. a4 Qd7 12. d3 h6 13. b4 Nc6 14. Re1 Rfe8 15. Bd2
Bf8 16. Na3 Na7 17. axb5 Nxb5 18. c4 Nd4 19. Nxd4 exd4 20. Qd1 c5 21. Ba4 Bc6
22. b5 axb5 23. cxb5 Bb7 24. Nc4 Qd8 25. b6 Re7 26. Qb3 d5 27. Na5 dxe4 28. Nc6
Bxc6 29. Bxc6 Rb8 30. b7 exd3 31. Rxe7 Bxe7 32. Qxd3 Bd6 33. Re1 Qc7 34. Qf3 c4
35. Bxh6 gxh6 36. Qxf6 Qxc6 37. Qxh6 Bh2+ 0-1

[Event "Druzynowe Mistrzostwa Polski Niewidomyc"]
[Site "Wagrowiec"]
[Date "2016.??.??"]
[Round "5.3"]
[White "Wojcieszyn, Zdzislaw"]
[Black "Jagiela, Andrzej"]
[Result "1-0"]
[WhiteElo "1914"]
[BlackElo "1673"]
[PlyCount "71"]
[EventDate "2016.??.??"]

1. c4 d5 2. cxd5 Qxd5 3. Nc3 Qd8 4. g3 Bd7 5. Nf3 Nf6 6. Bg2 Bc6 7. O-O e6 8.
Re1 Nd5 9. d4 Nxc3 10. bxc3 Be7 11. e4 O-O 12. Qb3 b6 13. a4 Re8 14. Ne5 Bb7
15. a5 Bd6 16. Bf4 Bxe5 17. Bxe5 Nc6 18. axb6 cxb6 19. Bf4 Qd7 20. Reb1 Ne7 21.
Be3 Ng6 22. Ra3 Qc7 23. h4 Ne7 24. c4 Bc6 25. d5 exd5 26. cxd5 Bd7 27. Rd1 Nc8
28. Rc1 Qe5 29. Bf4 Qd4 30. Rc7 Bg4 31. e5 a5 32. Qb5 Rd8 33. d6 Ra7 34. Rac3
Rxc7 35. Rxc7 h6 36. Bd5 1-0

[Event "Druzynowe Mistrzostwa Polski Niewidomyc"]
[Site "Wagrowiec"]
[Date "2016.??.??"]
[Round "5.5"]
[White "Hagner, Pawel"]
[Black "Sargalski, Andrzej"]
[Result "1/2-1/2"]
[WhiteElo "1680"]
[BlackElo "1831"]
[PlyCount "78"]
[EventDate "2016.??.??"]

1. d4 d5 2. Nf3 Nf6 3. Bg5 e6 4. e3 c5 5. c3 Nc6 6. Nbd2 Be7 7. Bd3 h6 8. Bh4
c4 9. Bc2 b5 10. Ne5 Nxe5 11. dxe5 Nd7 12. Bg3 h5 13. h4 Bb7 14. Nf3 a6 15. Qe2
Nc5 16. Rd1 Qa5 17. a3 Qb6 18. Ng5 g6 19. Bf4 Rd8 20. Rd4 Nd7 21. Qf3 O-O 22.
Qg3 f5 23. Ne4 Kh7 24. Nd6 Bxd6 25. exd6 e5 26. Bxe5 Nxe5 27. Qxe5 Qxd6 28.
Qxd6 Rxd6 29. O-O Kg7 30. Rfd1 Kf6 31. e4 fxe4 32. Bxe4 Rfd8 33. Bf3 a5 34. Re1
Bc6 35. Rf4+ Kg7 36. Re7+ Kg8 37. Rc7 R8d7 38. Rc8+ Kg7 39. Rff8 Rf7 1/2-1/2

[Event "Druzynowe Mistrzostwa Polski Niewidomyc"]
[Site "Wagrowiec"]
[Date "2016.??.??"]
[Round "5.6"]
[White "Przewoznik, Emil"]
[Black "Stankiewicz, Edward"]
[Result "0-1"]
[WhiteElo "1808"]
[BlackElo "1825"]
[PlyCount "136"]
[EventDate "2016.??.??"]

1. d4 Nf6 2. Nf3 d5 3. c4 c6 4. Nc3 g6 5. cxd5 Nxd5 6. e4 Nxc3 7. bxc3 Bg7 8.
Bc4 O-O 9. Bf4 c5 10. Be5 Qa5 11. Qd2 cxd4 12. Bxg7 Kxg7 13. Qxd4+ Kg8 14. Qe3
Nd7 15. O-O Ne5 16. Nxe5 Qxe5 17. f4 Qg7 18. f5 Bd7 19. Rf3 Rac8 20. Bb3 Qe5
21. fxg6 hxg6 22. Raf1 e6 23. Kh1 Rc5 24. Rh3 b6 25. Qh6 Qg7 26. Qe3 Qe5 27.
Rff3 Qg5 28. Qe1 Bc6 29. Rh4 Qe5 30. Qe3 Qg5 31. Qxg5 Rxg5 32. Rfh3 Kg7 33. Rd3
Rh8 34. Rxh8 Kxh8 35. Rd8+ Kg7 36. Bc2 Rc5 37. h3 Rxc3 38. Rd2 Re3 39. Rd4 Re2
40. Rc4 Bb7 41. Kg1 Ba6 42. Rc7 Bb5 43. a4 Be8 44. Kf1 Rd2 45. Bb3 Rd4 46. e5
Rf4+ 47. Kg1 Re4 48. Bxe6 Rxe5 49. Bb3 a5 50. Rb7 b5 51. axb5 Rxb5 52. Rxb5
Bxb5 53. Kf2 a4 54. Ba2 Bd7 55. g4 Be6 56. Bb1 a3 57. Kg2 a2 58. Bxa2 Bxa2 59.
g5 f6 60. gxf6+ Kxf6 61. h4 Be6 62. Kf2 Bf5 63. Kf3 Ke5 64. Ke3 Bg4 65. Kf2 Kf4
66. Kg2 Bh5 67. Kh3 Kf3 68. Kh2 Kg4 0-1

[Event "Druzynowe Mistrzostwa Polski Niewidomyc"]
[Site "Wagrowiec"]
[Date "2016.??.??"]
[Round "5.7"]
[White "Wolanski, Michal"]
[Black "Wyrzykowski, Jozef"]
[Result "1-0"]
[WhiteElo "1954"]
[BlackElo "1655"]
[PlyCount "121"]
[EventDate "2016.??.??"]

1. c4 d5 2. cxd5 Qxd5 3. Nc3 Qd8 4. g3 g6 5. Bg2 Bg7 6. Nf3 Nf6 7. O-O O-O 8.
Rb1 Nc6 9. b4 a6 10. d3 Na7 11. Qc2 c6 12. Bb2 Nb5 13. a4 Nc7 14. Rfc1 Nfd5 15.
Nxd5 Qxd5 16. Ne5 Qe6 17. Nc4 Bxb2 18. Rxb2 Qf6 19. Nb6 Rb8 20. Nxc8 Rbxc8 21.
Rb3 Rcd8 22. e3 Rd6 23. Qc5 Ne6 24. Qa7 Rd7 25. d4 Ng7 26. Rbc3 Rfd8 27. Bh3 e6
28. Bg2 Ne8 29. Rc5 Nd6 30. R5c2 Qe7 31. Qc5 Nf5 32. Qxe7 Nxe7 33. Rc5 Nd5 34.
b5 cxb5 35. axb5 axb5 36. Rxb5 Rb8 37. Rcc5 Kg7 38. Bxd5 Rxd5 39. Rxd5 exd5 40.
Rxd5 b5 41. Rc5 b4 42. Rc2 Rb7 43. Kf1 Kf6 44. Ke2 b3 45. Rb2 Ke6 46. Kd3 f5
47. Kc3 Kd5 48. Rxb3 Ra7 49. Rb2 Ke4 50. Rd2 Rc7+ 51. Kb4 Rb7+ 52. Kc5 Rc7+ 53.
Kd6 Ra7 54. d5 Ra6+ 55. Ke7 Ra7+ 56. Ke6 Ra6+ 57. d6 h5 58. Ke7 Ke5 59. d7 Re6+
60. Kf7 Rf6+ 61. Kg7 1-0

[Event "Druzynowe Mistrzostwa Polski Niewidomyc"]
[Site "Wagrowiec"]
[Date "2016.??.??"]
[Round "5.9"]
[White "Traczyk, Tadeusz"]
[Black "Mackowiak, Marek"]
[Result "0-1"]
[WhiteElo "1857"]
[BlackElo "2165"]
[PlyCount "114"]
[EventDate "2016.??.??"]

1. e4 c6 2. d4 d5 3. exd5 cxd5 4. c4 dxc4 5. d5 e6 6. Bxc4 exd5 7. Qxd5 Bb4+ 8.
Bd2 Bxd2+ 9. Nxd2 Qxd5 10. Bxd5 Nf6 11. Bf3 Nc6 12. Ne2 Ne5 13. O-O O-O 14. h3
Re8 15. Nd4 Nxf3+ 16. N2xf3 b6 17. Rfe1 Bb7 18. Rxe8+ Rxe8 19. Re1 Rxe1+ 20.
Nxe1 Kf8 21. Nec2 Ke7 22. Nf5+ Kf8 23. Nd6 Bd5 24. a3 Be6 25. Nd4 Bd7 26. N6b5
a6 27. Nc3 Ke7 28. Kf1 Kd6 29. Nf3 h6 30. Ke2 Nd5 31. Ne4+ Ke6 32. Kd2 Nf4 33.
Ne1 Ke5 34. Nc3 Bc6 35. f3 Bd7 36. Nd3+ Nxd3 37. Kxd3 Bc6 38. Ke3 g5 39. g3 Bd7
40. f4+ gxf4+ 41. gxf4+ Ke6 42. h4 Bc6 43. Kf2 Kf5 44. Kg3 h5 45. a4 a5 46. b3
f6 47. Ne2 Ke4 48. f5 Be8 49. Nc3+ Kd4 50. Ne2+ Ke5 51. Nc3 Bf7 52. Ne2 Bxb3
53. Nf4 Bxa4 54. Nxh5 Bc2 55. Ng7 Bxf5 56. h5 a4 57. h6 Bh7 0-1

[Event "Druzynowe Mistrzostwa Polski Niewidomyc"]
[Site "Wagrowiec"]
[Date "2016.??.??"]
[Round "5.10"]
[White "Niecko, Stanislaw"]
[Black "Filipiak, Rajmund"]
[Result "1/2-1/2"]
[WhiteElo "1843"]
[BlackElo "1561"]
[PlyCount "50"]
[EventDate "2016.??.??"]

1. e4 c6 2. Nc3 d5 3. d4 dxe4 4. Nxe4 a6 5. Nf3 Bg4 6. c3 e6 7. h3 Bxf3 8. Qxf3
Nd7 9. Bd3 Ngf6 10. Bf4 Nxe4 11. Bxe4 Nf6 12. Bc2 Bd6 13. Bg5 Be7 14. O-O-O Qa5
15. Bxf6 Bxf6 16. Kb1 O-O-O 17. Rhe1 h6 18. Bb3 Kb8 19. Qf4+ Qc7 20. Qe4 Rhe8
21. Qf3 Qa5 22. Qf4+ Qc7 23. Qf3 Qa5 24. Qf4+ Qc7 25. Qf3 Qa5 1/2-1/2

[Event "Druzynowe Mistrzostwa Polski Niewidomyc"]
[Site "Wagrowiec"]
[Date "2016.??.??"]
[Round "5.12"]
[White "Huzarski, Stanislaw"]
[Black "Zelajtys, Jozef"]
[Result "0-1"]
[WhiteElo "1806"]
[BlackElo "1706"]
[PlyCount "112"]
[EventDate "2016.??.??"]

1. e4 e6 2. d4 d5 3. Nd2 Nc6 4. c3 dxe4 5. Nxe4 Nf6 6. Bg5 Be7 7. Bxf6 Bxf6 8.
Nf3 O-O 9. Bd3 Be7 10. O-O b6 11. Qe2 Bb7 12. Rad1 Nb8 13. Rfe1 Nd7 14. Nfd2 g6
15. Qf3 Kg7 16. Qh3 Nf6 17. Nxf6 Bxf6 18. Nf3 Qd6 19. Ne5 Rad8 20. Ng4 Qf4 21.
Re3 Qg5 22. Rg3 Qh4 23. Nxf6 Qxf6 24. Re1 c5 25. dxc5 bxc5 26. Qg4 Rd6 27. h4
Bd5 28. h5 Rfd8 29. Bb1 Bc6 30. Rge3 Rd2 31. R3e2 R8d5 32. Qe4 Rxe2 33. Qxe2
Rxh5 34. Be4 Qh4 35. f3 Qh2+ 36. Kf2 Re5 37. Qd2 Qh4+ 38. Kg1 Bxe4 39. fxe4
Rxe4 40. Rf1 c4 41. Qd7 Rf4 42. Rxf4 Qxf4 43. Qxa7 e5 44. a4 Qd2 45. Kh2 Qxb2
46. Qe3 Qb8 47. a5 e4+ 48. Kg1 Qb1+ 49. Kf2 Qa2+ 50. Qe2 Qxa5 51. Qxc4 f5 52.
Qd4+ Kh6 53. Ke3 Qc7 54. Qd2 g5 55. Qd4 Qg3+ 56. Ke2 Qxg2+ 0-1

[Event "Druzynowe Mistrzostwa Polski Niewidomyc"]
[Site "Wagrowiec"]
[Date "2016.??.??"]
[Round "5.13"]
[White "Dziobek, Jerzy"]
[Black "Staruch, Roman"]
[Result "0-1"]
[WhiteElo "1750"]
[BlackElo "1905"]
[PlyCount "82"]
[EventDate "2016.??.??"]

1. d4 Nf6 2. Nf3 e6 3. Nbd2 c5 4. e3 Nc6 5. c3 d5 6. Be2 cxd4 7. exd4 Bd6 8.
O-O O-O 9. Bd3 Bd7 10. Re1 Qc7 11. Nf1 h6 12. Qc2 Rfc8 13. Qd1 Rab8 14. Bd2 b5
15. Qc1 Nh5 16. Bxh6 Bf4 17. Bxf4 Qxf4 18. Qxf4 Nxf4 19. Bc2 b4 20. Re3 bxc3
21. bxc3 Rb2 22. Ba4 Rcb8 23. N1d2 Ne5 24. Bxd7 Nxd7 25. g3 Nh5 26. Ree1 Rc2
27. Rec1 Rbb2 28. a3 Ra2 29. Rab1 Rxc1+ 30. Rxc1 Rxa3 31. c4 dxc4 32. Nxc4 Rxf3
33. Nd6 Ra3 34. Rc7 Nhf6 35. Rc8+ Nf8 36. Rc7 N6d7 37. Nb5 Ra1+ 38. Kg2 a6 39.
Nd6 Ra4 40. Ra7 Rxd4 41. Nb7 Ra4 0-1

[Event "Druzynowe Mistrzostwa Polski Niewidomyc"]
[Site "Wagrowiec"]
[Date "2016.??.??"]
[Round "5.14"]
[White "Myszka, Zygmunt"]
[Black "Kulik, Roman"]
[Result "1-0"]
[WhiteElo "1848"]
[BlackElo "1743"]
[PlyCount "57"]
[EventDate "2016.??.??"]

1. e4 e6 2. d4 d5 3. Nd2 Nd7 4. e5 Ne7 5. f4 Nf5 6. Ndf3 g6 7. Bd3 c5 8. c3 c4
9. Bxf5 gxf5 10. Ng5 Be7 11. Qh5 Bxg5 12. fxg5 Qe7 13. Nf3 Nf8 14. b3 Ng6 15.
g3 Qc7 16. b4 Bd7 17. a4 a5 18. b5 b6 19. O-O O-O-O 20. Ne1 Rdg8 21. Ng2 Be8
22. Qf3 Ne7 23. Kf2 h5 24. gxh6 Rh7 25. Nh4 Rgh8 26. Rh1 Ng8 27. Bg5 Nxh6 28.
h3 Ng8 29. Rag1 {Time} 1-0

[Event "Druzynowe Mistrzostwa Polski Niewidomyc"]
[Site "Wagrowiec"]
[Date "2016.??.??"]
[Round "5.16"]
[White "Zarow, Zdzislaw"]
[Black "Chojnowski, Marcin"]
[Result "0-1"]
[WhiteElo "1818"]
[BlackElo "2012"]
[PlyCount "140"]
[EventDate "2016.??.??"]

1. e4 c6 2. d4 d5 3. Nc3 dxe4 4. Nxe4 Bf5 5. Ng3 Bg6 6. Nf3 Nf6 7. Bc4 e6 8.
O-O Bd6 9. Bg5 Nbd7 10. Re1 O-O 11. Nh4 Qc7 12. Nxg6 hxg6 13. Qe2 Rfe8 14. Rad1
Bf4 15. Bxf4 Qxf4 16. c3 Rad8 17. Qc2 Nb6 18. Bb3 Nbd5 19. Rd3 b5 20. Rf3 Qc7
21. Qc1 e5 22. Ne4 Nxe4 23. Rxe4 exd4 24. Rxd4 Qe5 25. Rd1 c5 26. g3 c4 27. Bc2
a5 28. a3 Qe2 29. Kg2 Nf6 30. Rxd8 Rxd8 31. Re3 Qd2 32. Re1 Ng4 33. Re8+ Kh7
34. Qe1 Nxf2 35. Kf3 Nh3 36. Re2 Qxe1 37. Rxe1 Rd2 38. Be4 Rxb2 39. Bd5 f6 40.
Re8 f5 41. g4 Rb3 42. gxf5 Rxc3+ 43. Kg4 gxf5+ 44. Kxf5 Rc1 45. Kg4 Nf2+ 46.
Kg3 Nd3 47. Be4+ g6 48. Re7+ Kh6 49. Re6 Rg1+ 50. Kf3 Nc5 51. Rb6 Nxe4 52. Kxe4
Rb1 53. Kd4 Rb3 54. a4 bxa4 55. Ra6 a3 56. Rxa5 c3 57. Kd3 c2+ 58. Kxc2 Rh3 59.
Kd1 g5 60. Ke1 Kh5 61. Kf1 Rb3 62. Kg2 Rb2+ 63. Kh3 Rb3+ 64. Kg2 Kh4 65. Ra4+
g4 66. Ra8 Rb2+ 67. Kh1 a2 68. Rh8+ Kg5 69. h4+ Kf4 70. Rf8+ Kg3 0-1

[Event "Druzynowe Mistrzostwa Polski Niewidomyc"]
[Site "Wagrowiec"]
[Date "2016.??.??"]
[Round "5.17"]
[White "Zoltek, Tadeusz"]
[Black "Ruszczycki, Jacek"]
[Result "1-0"]
[WhiteElo "2149"]
[BlackElo "1918"]
[PlyCount "47"]
[EventDate "2016.??.??"]

1. c4 c6 2. Nf3 f5 3. g3 Nf6 4. Bg2 e6 5. O-O Be7 6. b3 O-O 7. Bb2 Kh8 8. d3
Qe8 9. e3 Qh5 10. Ne5 d6 11. Qxh5 Nxh5 12. Nf3 e5 13. c5 Re8 14. cxd6 Bxd6 15.
Nbd2 b5 16. a4 Ba6 17. axb5 Bxb5 18. Nc4 Bxc4 19. bxc4 Nd7 20. Ng5 Be7 21. Nf7+
Kg8 22. Nxe5 Bf6 23. Nxd7 Bxb2 24. Ra2 1-0

[Event "Druzynowe Mistrzostwa Polski Niewidomyc"]
[Site "Wagrowiec"]
[Date "2016.??.??"]
[Round "5.18"]
[White "Szydlowski, Wiktor"]
[Black "Migala, Andrzej"]
[Result "1/2-1/2"]
[WhiteElo "1781"]
[BlackElo "2025"]
[PlyCount "45"]
[EventDate "2016.??.??"]

1. e4 c5 2. Nf3 d6 3. g3 Nc6 4. Bg2 g6 5. O-O Bg7 6. Nc3 e5 7. d3 Nge7 8. h3
O-O 9. Rb1 h6 10. Nh2 Nd4 11. f4 exf4 12. gxf4 Be6 13. Ng4 Kh7 14. f5 gxf5 15.
Nxh6 Bxh6 16. Qh5 Ng8 17. exf5 Bxf5 18. Rxf5 Nxf5 19. Qxf5+ Kg7 20. Be4 Nf6 21.
Bxh6+ Kxh6 22. Qf4+ Kg7 23. Qg5+ 1/2-1/2

[Event "Druzynowe Mistrzostwa Polski Niewidomyc"]
[Site "Wagrowiec"]
[Date "2016.??.??"]
[Round "6.1"]
[White "Walczak, Lucjan"]
[Black "Suder, Ryszard"]
[Result "1/2-1/2"]
[WhiteElo "1842"]
[BlackElo "2153"]
[PlyCount "77"]
[EventDate "2016.??.??"]

1. e4 d6 2. Nc3 Nf6 3. g3 g6 4. Bg2 Bg7 5. d3 O-O 6. Nge2 e5 7. O-O c6 8. h3 d5
9. exd5 Nxd5 10. Kh2 Be6 11. Nxd5 Bxd5 12. Bxd5 Qxd5 13. Nc3 Qe6 14. Be3 Nd7
15. Qd2 Nb6 16. Rae1 Nd5 17. Bh6 Bxh6 18. Qxh6 Nxc3 19. bxc3 f6 20. c4 Qd6 21.
f4 exf4 22. Rxf4 Rae8 23. Rh4 Qc7 24. Rhe4 Rxe4 25. Rxe4 f5 26. Re2 f4 27. Qh4
fxg3+ 28. Qxg3 Rf7 29. Kg2 Qxg3+ 30. Kxg3 Kg7 31. d4 Rd7 32. c3 Kf6 33. Rf2+
Kg5 34. Re2 Kf5 35. Re5+ Kf6 36. Re4 g5 37. Kg4 h5+ 38. Kg3 Kf5 39. Re5+
1/2-1/2

[Event "Druzynowe Mistrzostwa Polski Niewidomyc"]
[Site "Wagrowiec"]
[Date "2016.??.??"]
[Round "6.2"]
[White "Chojnowski, Marcin"]
[Black "Krynicki, Henryk"]
[Result "1-0"]
[WhiteElo "2012"]
[BlackElo "1749"]
[PlyCount "37"]
[EventDate "2016.??.??"]

1. d4 Nf6 2. Nf3 c5 3. d5 b5 4. Bg5 Ne4 5. Bf4 a6 6. Nbd2 Nxd2 7. Qxd2 d6 8. e4
Bg4 9. O-O-O Nd7 10. Be2 Nf6 11. e5 Ne4 12. Qe3 dxe5 13. Qxe4 exf4 14. d6 Bd7
15. dxe7 Bxe7 16. Ne5 Ra7 17. Nc6 f5 18. Bh5+ g6 19. Qe5 1-0